Città europee di Indizio nella loro lingua - Statistics

Statistiche generali
  • Questo quiz è stato fatto 122 volte
  • Il punteggio medio è 8 su 15
Statistiche sulle risposte
descrizione città % Corretto
Das weltberühmte Oktoberfest macht diese Stadt zu einem Anziehungspunkt für den internationalen Tourismus Monaco di Baviera
82%
Thàinig a h-ainm Beurla bhon ainm Gaeilgeair an seòlaid "Dubh Linn" Dublino
77%
(Nella foto) Principale centro urbano cantonale e della Svizzera italiana con 151 522 abitanti Lugano
76%
Esta é a capital do país e a cidade mais populosa do país Lisbona
74%
Intra moenia urbis Romae (et ita inclave ab Italia circumdatum) Città del Vaticano
68%
Bu adlar tarihsel sırayla, Byzantion, Augusta Antonina, Nova Roma, Konstantinopolis, ve Kostantiniyye Istanbul
66%
With a population of 2.8 million, it contains ten metropolitan boroughs including Bolton, Bury, and Trafford Manchester
62%
Ingólfur Arnarson settist á Ísland árið 870 og nefndi þessa borg Reykjavík
55%
Tämä on Suomen kulttuurillinen, hallinnollinen, poliittinen ja liikekeskus sekä maan suurin työnantaja Helsinki
54%
De hoofdstad van de provincie Zuid-Holland en de op twee na grootste gemeente van Nederland L'Aia
45%
W mieście działają placówki kulturalne o znaczeniu i statusie narodowym, m.in. Narodowy Stary Teatr Cracovia
35%
Този град е столицата и най-големият град в България Sofia
27%
Nær Nygårdsgaten ligger St. Jakobs kirke fra 1921, Griegallen fra 1978 og Edvard Griegs plass Bergen
19%
De nouveaux avions parfois révolutionnaires ont été conçus ici; comme le Concorde ou l’Airbus A380 Tolosa
19%
Senamiestis yra vienas didžiausių Rytų Europoje ir 1994 m. Įtrauktas į UNESCO Pasaulio paveldo sąrašą Vilnius
17%
Nessun quiz corrispondente trovato
Distribuzione punteggi
Percentuale di utenti per punteggio
Percentile per numero di risposta
I tuoi punteggi nel tempo
Non hai fatto questo quiz